Ley 1564 de 2012 (julio 12) con decreto 1736 de 2012 : (Registro nro. 15417)
[ vista simple ]
| 000 -LEADER | |
|---|---|
| fixed length control field | 01304cam a2200313 i 4500 |
| 001 - CONTROL NUMBER | |
| control field | 17555110 |
| 003 - CONTROL NUMBER IDENTIFIER | |
| control field | OSt |
| 005 - DATE AND TIME OF LATEST TRANSACTION | |
| control field | 20210317151110.0 |
| 008 - FIXED-LENGTH DATA ELEMENTS--GENERAL INFORMATION | |
| fixed length control field | 121115s2012 ck 001 0 spa |
| 010 ## - LIBRARY OF CONGRESS CONTROL NUMBER | |
| LC control number | 2013380211 |
| 020 ## - INTERNATIONAL STANDARD BOOK NUMBER | |
| International Standard Book Number | 9789585758605 |
| 035 ## - SYSTEM CONTROL NUMBER | |
| System control number | (BO-CbLA)la1211L5841 |
| 040 ## - CATALOGING SOURCE | |
| Original cataloging agency | DLC |
| Transcribing agency | CO-JMCR |
| 041 0# - LANGUAGE CODE | |
| Language code of text/sound track or separate title | spa |
| 082 04 - DEWEY DECIMAL CLASSIFICATION NUMBER | |
| Classification number | 347.05 / |
| Item number | P259l |
| Edition number | 23 |
| 110 1# - MAIN ENTRY--CORPORATE NAME | |
| Corporate name or jurisdiction name as entry element | Colombia. |
| 9 (RLIN) | 8040 |
| 240 10 - UNIFORM TITLE | |
| Uniform title | Código general del proceso |
| 245 10 - TITLE STATEMENT | |
| Title | Ley 1564 de 2012 (julio 12) con decreto 1736 de 2012 : |
| Remainder of title | por medio de la cual se expide el Código general del proceso y se dictan otras disposiciones. / |
| Statement of responsibility, etc. | Jairo Parra Quijano |
| 246 14 - VARYING FORM OF TITLE | |
| Title proper/short title | Código general del proceso : |
| Remainder of title | Ley 1564 de 2012 |
| 250 ## - EDITION STATEMENT | |
| Edition statement | Primera edición. |
| 260 ## - PUBLICATION, DISTRIBUTION, ETC. | |
| Place of publication, distribution, etc. | Bogotá, D.C., Colombia : |
| Name of publisher, distributor, etc. | Instituto Colombiano de Derecho Procesal, |
| Date of publication, distribution, etc. | 2012. |
| 300 ## - PHYSICAL DESCRIPTION | |
| Extent | 808 páginas ; |
| Dimensions | 25 cm. |
| 500 ## - GENERAL NOTE | |
| General note | Incluye índice. |
| 505 ## - FORMATTED CONTENTS NOTE | |
| Formatted contents note | Documentos relacionados con el CGP. -- Textos de la ley 1564 de 2012 de Julio 12. -- Código general del proceso en paralelo confrontado con la legislación anterior. -- Decreto 1736 de 2012 de 17 de agosto. -- |
| 650 14 - SUBJECT ADDED ENTRY--TOPICAL TERM | |
| Topical term or geographic name entry element | Procedimiento Civil |
| Geographic subdivision | Colombia. |
| 9 (RLIN) | 9133 |
| 650 14 - SUBJECT ADDED ENTRY--TOPICAL TERM | |
| Topical term or geographic name entry element | Proceso civil |
| Geographic subdivision | Colombia |
| 9 (RLIN) | 13746 |
| 710 2# - ADDED ENTRY--CORPORATE NAME | |
| Corporate name or jurisdiction name as entry element | Instituto Colombiano de Derecho Procesal. |
| 9 (RLIN) | 36246 |
| 942 ## - ADDED ENTRY ELEMENTS (KOHA) | |
| Source of classification or shelving scheme | Dewey Decimal Classification |
| Koha item type | Books |
| Withdrawn status | Lost status | Source of classification or shelving scheme | Damaged status | Not for loan | Home library | Current library | Shelving location | Date acquired | Source of acquisition | Total Checkouts | Full call number | Barcode | Date last seen | Copy number | Price effective from | Koha item type |
|---|---|---|---|---|---|---|---|---|---|---|---|---|---|---|---|---|
| Dewey Decimal Classification | Biblioteca Pública José María del Castillo y Rada | Biblioteca Pública José María del Castillo y Rada | General Stacks | Donación | 347.05 / P259l | 201810892 | 05/16/2024 | Ej.1 | Books |